|
|
|
|
| LEADER |
00000nab a2200000uu 4500 |
| 001 |
vtls011145343 |
| 003 |
SK-MaSNL |
| 005 |
20260303185104.0 |
| 008 |
230222|1995 xo |||||||||||||||||slo| |
| 015 |
|
|
|a SNBRB
|
| 035 |
|
|
|a (urnnbn)urn:nbn:sk:snk:ar-008ivd
|
| 035 |
|
|
|a (uuid)ad26108a-4503-40a0-ac91-0da4a7dfd607
|
| 035 |
|
|
|a urn:nbn:sk:snk-abaw5s
|
| 040 |
|
|
|a SNKBUCL
|b slo
|c SNKBUCL
|e AACR2
|
| 041 |
0 |
|
|a slo
|
| 044 |
|
|
|a xo
|c SK
|
| 100 |
1 |
|
|a Červeňák, Andrej,
|d 1932-2012
|4 aut
|9 153402
|
| 245 |
1 |
0 |
|a K PROBLEMATIKE DÉMONIZMU V RUSKEJ LITERATÚRE
|c Andrej Červeňák
|
| 773 |
0 |
|
|t Zborník Filozofickej fakulty Univerzity Komenského
|g Roč. 44, č. 1 (1995), s. 127-132
|
| 954 |
|
|
|a odborná, vedecká literatúra pôvodná (slovenská)
|2 lita
|
| 958 |
|
|
|a OND
|
| 958 |
|
|
|a EUIPO
|
| 958 |
|
|
|a article14
|
| 999 |
|
|
|c 2129706
|d 2131636
|